| 000 | 00809pam a2200253 a 4500 | ||
|---|---|---|---|
| 001 | 4733493 | ||
| 003 | GBCCL | ||
| 005 | 20250204102521.0 | ||
| 008 | 841009s1985 nyu b 001 0 eng | ||
| 020 | _a0060425687 (pbk.) | ||
| 040 |
_aDLC _cDLC _dDLC |
||
| 082 | 0 | 0 |
_a306.8509 _219 _bQUE 1 |
| 100 | 1 |
_aQueen, Stuart Alfred, _d1890-1987 |
|
| 245 | 1 | 4 |
_aThe family in various cultures / _cStuart A. Queen, Robert W. Habenstein, Jill Sobel Quadagno. |
| 250 | _a5th ed. | ||
| 260 |
_aNew York, N.Y. : _bHarper & Row, _cc1985. |
||
| 300 |
_axiii, 401 p. ; _c23 cm. |
||
| 504 | _aIncludes bibliographies and indexes. | ||
| 650 | 0 |
_aFamilies _xHistory. |
|
| 700 | 1 |
_aHabenstein, Robert Wesley, _d1914- |
|
| 700 | 1 | _aQuadagno, Jill S. | |
| 906 |
_a7 _bcbc _corignew _d1 _eocip _f19 _gy-gencatlg |
||
| 942 |
_2ddc _cBK _n0 |
||
| 999 |
_c10609 _d10609 |
||